On Diseño / (Registro nro. 12124)

Detalles MARC
000 -LEADER
longitud fija campo de control 01874aab a2200433 a 4500
003 - IDENTIFICADOR DE NUMERO DE CONTROL
control del campo AR-RoUNA
008 - CAMPO DE CONTROL - LIBROS
longitud fija campo de control 140529||||||||||||||||| |||| 0|||| d
022 ## - ISSN
ISSN 0210-2080
040 ## - ORIGEN DE LA CATALOGACION
Agencia que cataloga la obra original AR-RoUNA
Idioma en que se cataloga spa
041 ## - CODIGO DE IDIOMA
Codigo de idioma del texto / sonido o titulo separado spa
-- eng
044 ## - CODIGO DE PAIS / ENTIDAD PRODUCTORA
Codigo MARC del pais ag
080 ## - CDU
Numero de clasificacion 72.036
092 ## - SIGNATURA TOPOGRAFICA
Libristica ON58
245 13 - TITULO PROPIAMENTE DICHO
Titulo On Diseño /
Numero de la parte / seccion de una obra Nº 166
260 ## - EDITORIAL - PUBLICACION, DISTRIBUCION, ETC. (Pie de imprenta)
Lugar de publicacion, distribucion, etc Barcelona :
Nombre del editor, distribuidor, etc On Diseño,
Fecha de publicacion 1996
300 ## - DESCRIPCION FISICA
Extension 195 p. :
Otros detalles fisicos dib.,
-- fot. col.,
-- plantas,
Dimensiones 29x24 cm
505 0# - NOTA DE CONTENIDO CON FORMATO
Título ESPACIOS URBANOS
505 0# - NOTA DE CONTENIDO CON FORMATO
Título principal Barba González José /Jardines de Santa Bárbara. Toledo. p. 88
505 0# - NOTA DE CONTENIDO CON FORMATO
Título principal Puebla Joan / Parque de la Riera. (Polinya. Barcelona). p. 98
505 0# - NOTA DE CONTENIDO CON FORMATO
Título DISEÑO
Título principal Ballart Francesc. Tevar Grego / Joyería contemporánea.. p 106
505 0# - NOTA DE CONTENIDO CON FORMATO
Título ARQUITECTURA E INTERIORISMO DOMÉSTICOS
505 0# - NOTA DE CONTENIDO CON FORMATO
Título principal Miralles y Tagliabue Benedetta/ Restauración de una casa antigua en Barcelona. p. 118
505 0# - NOTA DE CONTENIDO CON FORMATO
Título principal Puig Antoni. Juampere José / Apartamento en Barcelona. p. 136
505 0# - NOTA DE CONTENIDO CON FORMATO
Título principal Sanvisens Carmina / Vivienda unifamiliar en Barcelona. p. 144
505 0# - NOTA DE CONTENIDO CON FORMATO
Título principal Corea Mario y Davis David/ Pent House en Saint Louis, Missouri. p. 152
505 0# - NOTA DE CONTENIDO CON FORMATO
Título principal Sust Xavier y Teixidor Pepita/ Rehabilitación de una vivienda en la Nou de Gaia (Tarragona). p. 160
505 0# - NOTA DE CONTENIDO CON FORMATO
Título OFICINAS
505 0# - NOTA DE CONTENIDO CON FORMATO
Título principal Reestructuración de un edificio de oficinas en Madrid Rafael de la Hoz.. p. 172
505 0# - NOTA DE CONTENIDO CON FORMATO
Título principal Mestre Octavio, arquitectos y asociados / Rehabilitación de un antiguo edificio comercial en Barcelona. Refuncionalización. p.188
650 ## - MATERIA - TERMINO TEMATICO
Término tematico general Arquitectura contemporanea
9 (RLIN) 12621
650 ## - MATERIA - TERMINO TEMATICO
Término tematico general Urbanismo
9 (RLIN) 5
700 1# - ENTRADA SECUNDARIA - NOMBRES PERSONALES
Nombre personal Llopis, Carme
Función dir.
9 (RLIN) 12622
773 ## - ENTRADA DEL ITEM MAYOR
Entrada principal On Diseño
Lugar, editorial y fecha de la publicación Barcelona, AramEdiciones S.A.
Vol. - nro. (mes-año), pág. Nº 166 (1995). p.195
ISSN 0210-2080
908 ## - SOPORTE
Soporte Imp
930 ## - ACCESION
N 174
Numero de accesion (NR) 11442
942 ## - FUENTE DE CLASIFICACION
Clasificacion Universal Decimal Classification
Tipo de item Analítica
945 ## - INFORMACION DE PROCESAMIENTO
Codigo del operador MBP
Fecha de ingreso o modificacion 2019-02-20
980 ## - EQUIVALENCE OR CROSS-REFERENCE-SERIES STATEMENT--PERSONAL NAME/TITLE [LOCAL, CANADA]
Field link and sequence number 6
Miscellaneous information Mirna Bonanno Potro
Linkage 6
Personal name Mirna Bonanno Potro
Existencias
Estado retiro Estado perdido Sistema de clasificacion Estado general Restricciones de uso Biblioteca de origen Ubicacion actual Localizacion en estante Fecha de adquisicion Fuente de adquisicion Prestamos totales Signatura y librística Numero de inventario (BARCODE) Fecha ultima visto Numero de ejemplar Fecha del precio de reemplazo Tipo de elemento KOHA Número de Kardex Nota no publica
Disponible Disponible udc No dañado Ningun uso de restricciones Arq. Hilarión H. Larguia Arq. Hilarión H. Larguia Heme 18/09/2025 Don   72.036 1002757 18/09/2025 ej. 1 18/09/2025 Analítica K400